000 01399nam a2200277 a 4500
001 BRCA_5305
005 20190320205026.0
008 021210m16131619mx-######v---#000-0#spa-#
041 _aspa
044 _amx
084 _aDOC148B
_b.F47
_c1613
100 1 _aFernandez de Cordova, Diego
_cMarques de Guadalcazar
_d1578-1630
_913607
245 1 0 _aDocumento firmado por el virrey Don Diego Fernandez de Cordova
_cDiego Fernandez de Cordova ; Antonio Almaraz.
260 _aMéxico
_c1613-1619
300 _a[8] fojas
_c31 x 22 cm.
500 _aTexto tomado de la primera foja: ´Testimonio de duplicado de la merced del Señor Virrey Don Diego Fernandez de Cordova, Marques de Guadalcazar, hecha a Don Antonio Almaraz de ocho sitios de estancia para ganado menor en términos del Pueblo de Tanchipa, jurisdicción de la villa de valles´.
500 _aPapel con marca de agua.
500 _aEstado de conservación: contiene manchas por acidez, roturas en las fojas y márgenes deteriorados.
506 0 _aFondo Reservado. Para su consulta es necesario credencial de usuario y carta de motivos.
546 _aTexto en: español de principios del siglo XVII.
600 1 4 _aFernandez de Cordova, Diego
_cMarques de Guadalcazar
_d1578-1630
_913607
650 1 4 _aDocumentos legales
_xHistoria
_913232
651 4 _aMéxico
_xHistoria
_yColonia, 1521-1821
_912461
902 _aFDH
942 _2lcc
_cD
999 _c4999
_d4999